| 000 | 00707nam a22002057a 4500 | ||
|---|---|---|---|
| 999 |
_c10713 _d10713 |
||
| 003 | AR-CdUCM | ||
| 008 | 190401b ||||| |||| 00| 0 spa d | ||
| 040 |
_aMUNICIPALIDAD PROVINCIAL DEL CUSCO _cBIBLIOTECA MUNICIPAL DEL CUSCO |
||
| 082 |
_a345.7302 / _bG78 / 1908 |
||
| 110 |
_aPublicación oficial _927600 |
||
| 245 |
_aAnales judiciales del Perú : _b1876-1877-1879 / |
||
| 260 |
_aLima : _bLa opinión nacional, _c1908. |
||
| 300 |
_a349 paginas ; _c24 cm. |
||
| 505 | _aContenido : Abandono -- Abandono de la instancia -- Adulterino -- Alimentos -- Apelaciones ... | ||
| 650 |
_aAnales _927533 |
||
| 650 |
_aJudiciales _911436 |
||
| 650 |
_aPerú _92178 |
||
| 942 |
_2ddc _cLIBROS |
||
| 945 | _arah | ||